000 01635cam a2200277zu 4500
001 88819360
003 FRCYB88819360
005 20251020123013.0
006 m o d
007 cr un
008 251020s2014 fr | o|||||0|0|||fre d
020 _a9782846705332
035 _aFRCYB88819360
040 _aFR-PaCSA
_bfr
_c
_erda
100 1 _aCochet, François
245 0 1 _aIdées reçues sur la Première Guerre mondiale
_c['Cochet, François']
264 1 _bLe Cavalier Bleu éditions
_c2014
300 _a p.
336 _btxt
_2rdacontent
337 _bc
_2rdamdedia
338 _bc
_2rdacarrier
650 0 _a
700 0 _aCochet, François
856 4 0 _2Cyberlibris
_uhttps://international.scholarvox.com/netsen/book/88819360
_qtext/html
_a
520 _aNotre société française du XXIe siècle est fascinée par la Première Guerre mondiale. L’édition, le cinéma et la télévision se sont emparés du sujet, véhiculant par là-même de nombreuses idées reçues. Car la mémoire est à l’histoire ce que la caricature est au dessin, elle force le trait, exagère, simplifie : « L’assassinat de François-Ferdinand a déclenché le début des hostilités », « Ce fut principalement une guerre de tranchées », « Les femmes sont mises au travail », « Clemenceau et Pétain ont fait gagner la guerre », « Sans les États-Unis, la guerre aurait été perdue », « Toute une génération a été inutilement sacrifiée »... François Cochet s’attache ici à rétablir les faits et nuancer la vulgate de cette « Grande Guerre » qui continue de hanter les esprits.
999 _c1552681
_d1552681